[Event "Dos Hermanas FM Elo"]
[Site "Dos Hermanas"]
[Date "2001.04.26"]
[Round "8"]
[White "Exposito Portillo, Josue"]
[Black "Rodriguez Aguilera, Juan"]
[Result "0-1"]
[WhiteElo "2287"]
[BlackElo "2226"]
[PlyCount "106"]
[EventDate "2001.04.19"]
[EventType "tourn"]
[EventRounds "9"]
[EventCountry "ESP"]
[SourceTitle "EXT 2002"]
[Source "ChessBase"]
[SourceDate "2001.11.25"]
[SourceVersion "1"]
[SourceVersionDate "2001.11.25"]
[SourceQuality "1"]

1. e4 e5 2. d4 exd4 3. c3 d5 4. exd5 Qxd5 5. Nf3 Nf6 6. Qxd4 Be6 7. Be2 Bc5 8. Qxd5 Bxd5 9. Bf4 c6 10. Nbd2 Nbd7 11. 0-0 Nh5 12. Bg3 Nxg3 13. hxg3 Nf6 14. b4 Be7 15. a3 0-0 16. c4 Be6 17. Nd4 Rad8 18. N2b3 Bc8 19. Bf3 Ng4 20. Rad1 Ne5 21. Be2 Bf6 22. Rd2 g6 23. Rfd1 h5 24. Nc5 Be7 25. Ncb3 h4 26. gxh4 Bxh4 27. g3 Bf6 28. Kg2 Kg7 29. Nc5 Be7 30. Ncb3 Rh8 31. Nf3 Nxf3 32. Bxf3 Rxd2 33. Rxd2 Bh3+ 34. Kg1 Be6 35. Na5 Bg5 36. Rd1 Bc8 37. Kg2 Rd8 38. Rxd8 Bxd8 39. Nb3 Be7 40. Kf1 Be6 41. Na5 c5 42. Be2 cxb4 43. axb4 Bxb4 44. Nxb7 a5 45. Nd8 Bh3+ 46. Kg1 Bd7 47. Bd1 Kf6 48. Nb7 Ke7 49. c5 a4 50. Nd6 Bxc5 51. Ne4 Bb4 52. Ng5 a3 53. Bb3 f6 0-1

[Event "Dos Hermanas FM Elo"]
[Site "Dos Hermanas"]
[Date "2001.04.23"]
[Round "5"]
[White "Pereira Figueroa, Manuel"]
[Black "Rodriguez Aguilera, Juan"]
[Result "0-1"]
[WhiteElo "2094"]
[BlackElo "2226"]
[PlyCount "60"]
[EventDate "2001.04.19"]
[EventType "tourn"]
[EventRounds "9"]
[EventCountry "ESP"]
[SourceTitle "EXT 2002"]
[Source "ChessBase"]
[SourceDate "2001.11.25"]
[SourceVersion "1"]
[SourceVersionDate "2001.11.25"]
[SourceQuality "1"]

1. d4 Nf6 2. c4 g6 3. Nc3 Bg7 4. e4 d6 5. Be2 0-0 6. Bg5 Na6 7. Qd2 Re8 8. h4 c5 9. d5 Nc7 10. 0-0-0 a6 11. h5 b5 12. hxg6 hxg6 13. f3 bxc4 14. Bxc4 Nd7 15. f4 Nb6 16. Bd3 Nb5 17. Nge2 c4 18. Bb1 Bg4 19. Rde1 Bxe2 20. Rxe2 Nxc3 21. bxc3 Na4 22. e5 dxe5 23. fxe5 Qb6 24. d6 Rab8 25. Be4 exd6 26. Bxg6 dxe5 27. Bh7+ Kf8 28. Rf2 Rb7 29. Be4 Nc5 30. Bh6 Nxe4 0-1

[Event "Andalucia-chT"]
[Site "Matalascanas"]
[Date "1993.??.??"]
[Round "3"]
[White "Perez Pardo, Juan Carlos"]
[Black "Rodriguez Aguilera, Juan"]
[Result "1/2-1/2"]
[WhiteElo "2285"]
[BlackElo "2245"]
[PlyCount "23"]
[EventDate "1993.??.??"]
[EventType "team"]
[EventRounds "5"]
[EventCountry "ESP"]
[SourceTitle "EXT 2000"]
[Source "ChessBase"]
[SourceDate "1999.11.16"]
[SourceVersion "1"]
[SourceVersionDate "1999.11.16"]
[SourceQuality "1"]

1. d4 Nf6 2. Nf3 e6 3. c4 b6 4. g3 Bb4+ 5. Nbd2 Bb7 6. Bg2 0-0 7. 0-0 a5 8. Qc2 Bxd2 9. Bxd2 Be4 10. Qc3 d6 11. a3 a4 12. Rfd1 1/2-1/2

[Event "ESP-chT"]
[Site "Spain"]
[Date "1993.??.??"]
[Round "?"]
[White "Rodriguez Aguilera, Juan"]
[Black "Gallego Jimenez, Victoriano"]
[Result "1-0"]
[WhiteElo "2245"]
[BlackElo "2365"]
[PlyCount "101"]
[EventDate "1993.??.??"]
[EventType "team"]
[EventRounds "9"]
[EventCountry "ESP"]
[SourceTitle "TD"]
[Source "ChessBase"]
[SourceDate "1994.03.01"]
[SourceVersion "1"]
[SourceVersionDate "1994.03.01"]
[SourceQuality "1"]

1. e4 c5 2. Nf3 d6 3. d4 cxd4 4. Nxd4 Nf6 5. Nc3 g6 6. Be3 Bg7 7. f3 Nc6 8. Qd2 0-0 9. 0-0-0 Nxd4 10. Bxd4 Be6 11. Kb1 Qc7 12. h4 Rfc8 13. g4 Qa5 14. a3 Rab8 15. Ne2 Qxd2 16. Rxd2 a6 17. Nf4 Bxg4 18. Bxf6 Bxf3 19. Rh3 Bxf6 20. Rxf3 Bxh4 21. Nd5 e6 22. Ne3 Be7 23. Rdf2 Bh4 24. Rh2 Bg5 25. Nc4 Be7 26. Rhf2 Rf8 27. Rd3 Rfd8 28. Rdf3 Rf8 29. Rh2 Kg7 30. Rd2 Rfd8 31. Rfd3 h5 32. Nxd6 Rxd6 33. Rxd6 Bxd6 34. Rxd6 g5 35. Kc1 g4 36. Kd2 Rc8 37. c3 h4 38. Ke3 h3 39. Kf4 Rh8 40. Rd1 f5 41. exf5 exf5 42. Kxf5 h2 43. Bg2 Rf8+ 44. Kxg4 Rf2 45. Kg3 Rxb2 46. Rd7+ Kf8 47. Rxb7 Ra2 48. Rb3 a5 49. c4 Rc2 50. Kxh2 Rxc4 51. Re3 1-0